000 00767cam a2200253 4500
001 D3598
008 090401t1997 xxu||||| |||| 00| 0 eng d
035 _a(Sirsi) u74027
041 _aeng
050 _a333.3321
_c18
110 _aEuropean Group of Valuers of Fixed Assets
_9338
245 _aGuidance notes on the valuation of fixed assets
250 _a2nd ed.
260 _aLondon
_bEuropean Group of Valuers of Fixed Asset
_c1988-1997
300 _a1v.(loose-leaf)
_c32cm
350 _a0
520 _aSuperseded by third edition (ISBN 0728202794)
650 _aEUROPEAN VALUATION STANDARDS
650 _aEUROPE
650 _aEUROPEAN VALUATION STANDARDS
690 _aPROPERTY-PROPERTY APPRAISAL AND VALUATION
942 _n0
948 _c04/03/1997
999 _c95760
_d95760